000 01494cam a22002534a 4500
999 _c6204
_d6204
020 _a9780521849487
020 _a0521849489
020 _a9780521614788
020 _a0521614783
050 0 0 _aP121
_b.L63
100 _aRadford Andrew (ed.)
245 0 0 _aLinguistics :
_ban introduction /
_cAndrew Radford, Martin Atkinson, David Britain, Harald Clahsen & Andrew Spencer
250 _aSecond edition.
260 _aNew York
_bCambridge University Press
_c2009
300 _axv, 433 pages :
_billustrations ;
_c26 cm.
500 _aIncludes Index
505 _a Introduction; Part I. Sounds: 1. Introduction; 2. Sounds and suprasegmentals; 3. Sound variation; 4. Sound change; 5. Phonemes, syllables and phonological processes; 6. Child phonology; 7. Processing sounds; Part II. Words: 8. Introduction; 9. Word classes; 10. Building words; 11. Morphology across languages; 12. Word meaning; 13. Children and words; 14. Lexical processing and the mental lexicon; 15. Lexical disorders; 16. Lexical variation and change; Part III. Sentences: 17. Introduction; 18. Basic terminology; 19. Sentence structure; 20. Empty categories; 21. Movement; 22. Syntactic variation; 23. Sentence meanings and logical form; 24. Children's sentences; 25. Sentence processing; 26. Syntactic disorders; 27. Using sentences.
650 0 _aLingüística.
700 1 _aAtkinson Martin(ed.)
700 1 _aBritain David(ed.)
700 1 _aClahsen Harald(ed.)
700 1 _aSpencer Andrew(ed.)
942 _cBK